|
|
|
|
| LEADER |
00000cam a2200000 7i4500 |
| 001 |
0000049761 |
| 005 |
20210427090757.0 |
| 022 |
0 |
|
|a 16730438
|
| 090 |
0 |
0 |
|a 305.4
|b NON
|
| 245 |
1 |
0 |
|a Nona
|
| 255 |
|
|
|a Bil.345
|
| 260 |
|
|
|a Kuala Lumpur :
|b Kumpulan Karangkraf Sdn.Bhd. ,
|c 2007
|
| 300 |
|
|
|a 306p. :
|b ill. ;
|c 34cm.
|
| 650 |
0 |
0 |
|a Woman
|x Periodicals
|
| 850 |
|
|
|a Library has Jan. - Dis. 2006,January-December 2007. January-December 2008.January-December 009. January-October 2010.Julai - Disember 2017. Januari-Mac 2018. April-Jun 2018, Oktober-Disember 2019. Januari-Mac 2019. April-Jun 2019. Julai-September 2019.
|
| 850 |
|
|
|a PKPJ : v2010 no1-4 copy1
|
| 850 |
|
|
|a PKPJ : v2010 no9-12 copy1
|
| 850 |
|
|
|a PKPJ : v2011 no1-4 copy1
|
| 850 |
|
|
|a PKPJ : v2011 no5-8 copy1
|
| 850 |
|
|
|a PKPJ : v2011 no9-12 copy1
|
| 850 |
|
|
|a PKPJ : v2012 no10-12 copy1
|
| 850 |
|
|
|a PKPJ : v2012 no1-3 copy1
|
| 850 |
|
|
|a PKPJ : v2012 no4-6 copy1
|
| 850 |
|
|
|a PKPJ : v2012 no7-9 copy1
|
| 850 |
|
|
|a PKPJ : v2013 no10-12 copy1
|
| 850 |
|
|
|a PKPJ : v2013 no1-3 copy1
|
| 850 |
|
|
|a PKPJ : v2013 no4-6 copy1
|
| 850 |
|
|
|a PKPJ : v2013 no7-9 copy1
|
| 850 |
|
|
|a PKPJ : v2014 no10-12 copy1
|
| 850 |
|
|
|a PKPJ : v2014 no1-3 copy1
|
| 850 |
|
|
|a PKPJ : v2014 no4-6 copy1
|
| 850 |
|
|
|a PKPJ : v2014 no7-9 copy1
|
| 850 |
|
|
|a PKPJ : v2015 no10-12 copy1
|
| 850 |
|
|
|a PKPJ : v2015 no1-3 copy1
|
| 850 |
|
|
|a PKPJ : v2015 no4-6 copy1
|
| 850 |
|
|
|a PKPJ : v2015 no7-9 copy1
|
| 999 |
|
|
|a 244275/09
|b MAJALAH
|c MAJALAH RUJUKAN
|e PERPUSTAKAAN KOMUNITI PETALING JAYA
|
| 999 |
|
|
|a 244333/10
|b MAJALAH
|c MAJALAH RUJUKAN
|e PERPUSTAKAAN KOMUNITI PETALING JAYA
|
| 999 |
|
|
|a 244412/09
|b MAJALAH
|c MAJALAH RUJUKAN
|e PERPUSTAKAAN KOMUNITI PETALING JAYA
|
| 999 |
|
|
|a 253302/10
|b MAJALAH
|c MAJALAH RUJUKAN
|e PERPUSTAKAAN KOMUNITI PETALING JAYA
|
| 999 |
|
|
|a 254086/10
|b MAJALAH
|c MAJALAH RUJUKAN
|e PERPUSTAKAAN KOMUNITI PETALING JAYA
|
| 999 |
|
|
|a 254093/11
|b MAJALAH
|c MAJALAH RUJUKAN
|e PERPUSTAKAAN KOMUNITI PETALING JAYA
|
| 999 |
|
|
|a 262546/11
|b MAJALAH
|c MAJALAH RUJUKAN
|e PERPUSTAKAAN KOMUNITI PETALING JAYA
|
| 999 |
|
|
|a 262608/11
|b MAJALAH
|c MAJALAH RUJUKAN
|e PERPUSTAKAAN KOMUNITI PETALING JAYA
|
| 999 |
|
|
|a 264251/12
|b MAJALAH
|c MAJALAH RUJUKAN
|e PERPUSTAKAAN KOMUNITI PETALING JAYA
|
| 999 |
|
|
|a 264267/12
|b MAJALAH
|c MAJALAH RUJUKAN
|e PERPUSTAKAAN KOMUNITI PETALING JAYA
|
| 999 |
|
|
|a 264288/12
|b MAJALAH
|c MAJALAH RUJUKAN
|e PERPUSTAKAAN KOMUNITI PETALING JAYA
|
| 999 |
|
|
|a 282021/15
|b MAJALAH
|c MAJALAH RUJUKAN
|e PERPUSTAKAAN KOMUNITI PETALING JAYA
|
| 999 |
|
|
|a 282033/15
|b MAJALAH
|c MAJALAH RUJUKAN
|e PERPUSTAKAAN KOMUNITI PETALING JAYA
|
| 999 |
|
|
|a 282250/12
|b MAJALAH
|c MAJALAH RUJUKAN
|e PERPUSTAKAAN KOMUNITI PETALING JAYA
|
| 999 |
|
|
|a 282449/13
|b MAJALAH
|c MAJALAH RUJUKAN
|e PERPUSTAKAAN KOMUNITI PETALING JAYA
|
| 999 |
|
|
|a 282450/13
|b MAJALAH
|c MAJALAH RUJUKAN
|e PERPUSTAKAAN KOMUNITI PETALING JAYA
|
| 999 |
|
|
|a 282543/13
|b MAJALAH
|c MAJALAH RUJUKAN
|e PERPUSTAKAAN KOMUNITI PETALING JAYA
|
| 999 |
|
|
|a 282669/14
|b MAJALAH
|c MAJALAH RUJUKAN
|e PERPUSTAKAAN KOMUNITI PETALING JAYA
|
| 999 |
|
|
|a 282694/13
|b MAJALAH
|c MAJALAH RUJUKAN
|e PERPUSTAKAAN KOMUNITI PETALING JAYA
|
| 999 |
|
|
|a 282781/14
|b MAJALAH
|c MAJALAH RUJUKAN
|e PERPUSTAKAAN KOMUNITI PETALING JAYA
|
| 999 |
|
|
|a 282884/14
|b MAJALAH
|c MAJALAH RUJUKAN
|e PERPUSTAKAAN KOMUNITI PETALING JAYA
|
| 999 |
|
|
|a 282886/14
|b MAJALAH
|c MAJALAH RUJUKAN
|e PERPUSTAKAAN KOMUNITI PETALING JAYA
|
| 999 |
|
|
|a 282978/15
|b MAJALAH
|c MAJALAH RUJUKAN
|e PERPUSTAKAAN KOMUNITI PETALING JAYA
|
| 999 |
|
|
|a 282987/15
|b MAJALAH
|c MAJALAH RUJUKAN
|e PERPUSTAKAAN KOMUNITI PETALING JAYA
|
| 999 |
|
|
|a 334869/16
|b MAJALAH
|c MAJALAH RUJUKAN
|e PERPUSTAKAAN KOMUNITI PETALING JAYA
|
| 999 |
|
|
|a 334871/16
|b MAJALAH
|c MAJALAH RUJUKAN
|e PERPUSTAKAAN KOMUNITI PETALING JAYA
|
| 999 |
|
|
|a 334876/16
|b MAJALAH
|c MAJALAH RUJUKAN
|e PERPUSTAKAAN KOMUNITI PETALING JAYA
|
| 999 |
|
|
|a 334921/16
|b BUKU
|c MAJALAH RUJUKAN
|e PERPUSTAKAAN KOMUNITI PETALING JAYA
|
| 999 |
|
|
|a 335113/17
|b MAJALAH
|c MAJALAH RUJUKAN
|e PERPUSTAKAAN KOMUNITI PETALING JAYA
|
| 999 |
|
|
|a 335136/17
|b MAJALAH
|c MAJALAH RUJUKAN
|e PERPUSTAKAAN KOMUNITI PETALING JAYA
|
| 999 |
|
|
|a 335148/18
|b MAJALAH
|c MAJALAH RUJUKAN
|e PERPUSTAKAAN KOMUNITI PETALING JAYA
|
| 999 |
|
|
|a 335179/18
|b MAJALAH
|c MAJALAH RUJUKAN
|e PERPUSTAKAAN KOMUNITI PETALING JAYA
|
| 999 |
|
|
|a 335188/18
|b MAJALAH
|c MAJALAH RUJUKAN
|e PERPUSTAKAAN KOMUNITI PETALING JAYA
|
| 999 |
|
|
|a 335205/18
|b MAJALAH
|c MAJALAH RUJUKAN
|e PERPUSTAKAAN KOMUNITI PETALING JAYA
|
| 999 |
|
|
|a 335226/19
|b MAJALAH
|c MAJALAH RUJUKAN
|e PERPUSTAKAAN KOMUNITI PETALING JAYA
|
| 999 |
|
|
|a 335253/19
|b MAJALAH
|c MAJALAH RUJUKAN
|e PERPUSTAKAAN KOMUNITI PETALING JAYA
|
| 999 |
|
|
|a 335254/19
|b MAJALAH
|c MAJALAH RUJUKAN
|e PERPUSTAKAAN KOMUNITI CAW TAMAN MEDAN
|
| 999 |
|
|
|a 335255/19
|b MAJALAH
|c MAJALAH RUJUKAN
|e PERPUSTAKAAN KOMUNITI PETALING JAYA
|
| 999 |
|
|
|a 335258/19
|b MAJALAH
|c MAJALAH RUJUKAN
|e PERPUSTAKAAN KOMUNITI PETALING JAYA
|